000 00693nam a2200289Ia 4500
005 20260324145350.0
008 008 260324s9999 xx 000 0 eng d
020 _a9781315124919
037 _aEBOOK
040 _aCRL
040 _beng
040 _cCRL
041 _2eng
041 _aeng
084 _qCRL
100 _aShmuel N. Eisenstadt
_91194357
245 0 _aMusic on Demand
245 0 _bComposers and Careers in the Hollywood Film Industry
260 _bTaylor and Francis
260 _c1983
365 _a
365 _b230
856 _uhttp://www.taylorfrancis.com/books/9781315124919
942 _cEBOOK
999 _c1830512
_d1830512